Biblioteca y Centro de Documentación

Servicios polivalentes, confluencia entre profesiones de archivo, biblioteca y documentación (Registro nro. 23568)

Detalles MARC
000 -CABECERA
Longitud fija campo de control 01865nam a2200445 c 4500
001 - NÚMERO DE CONTROL
Número de control 23568
003 - IDENTIFICADOR DE NÚMERO DE CONTROL
Identificador del número de control ES-MaCES
005 - FECHA Y HORA DE LA ÚLTIMA TRANSACCIÓN
Fecha y hora de la última transacción 20150925133421.0
008 - CAMPO FIJO DE DESCRIPCIÓN FIJA--INFORMACIÓN GENERAL
Códigos de información de longitud fija   110215s2009 sp ao o100 | spa d
017 ## - NÚMERO DE REGISTRO DE DERECHOS DE AUTOR Y DEPÓSITO LEGAL
Número de copyright o de depósito legal M 47930-2009
Agencia que asigna el número DL
035 ## - NÚMERO DE CONTROL DEL SISTEMA
Número de control del sistema CES20110000965m
040 ## - FUENTE DE CATALOGACIÓN
Centro catalogador de origen ES-MaCES
Lengua de catalogación spa
Centro transcriptor ES-MaCES
111 2# - ENCABEZAMIENTO PRINCIPAL--NOMBRE DE REUNIÓN
Nombre de congreso o jurisdicción como elemento de entrada Jornadas de Gestión de la Información
Número del congreso o número de parte o sección de la obra 11ª
Fecha del congreso 2009
Sede del congreso Madrid
9 (RLIN) 1150
245 10 - MENCIÓN DE TÍTULO
Título Servicios polivalentes, confluencia entre profesiones de archivo, biblioteca y documentación
Resto del título : [actas de las Jornadas]
Mención de responsabilidad, etc. XI Jornadas de Gestión de la Información, Biblioteca Nacional, Madrid, 19 y 20 de nov. de 2009 ; [organ izadas por SEDIC ; con el patrocionio de la Dirección General del Libro, Archivos y Bibliotecas ; con la col. de la Biblioteca Nacional de España]
260 ## - PUBLICACIÓN, DISTRIBUCIÓN, ETC (PIE DE IMPRENTA)
Lugar de publicación, distribución, etc. Madrid
Nombre del editor, distribuidor, etc. SEDIC
Fecha de publicación, distribución, etc. [2009]
300 ## - DESCRIPCIÓN FÍSICA
Extensión 267 p.
Otras características físicas il., fot. bl. y n.
Dimensiones 24 cm
500 ## - NOTA GENERAL
Nota general Subtít. tomado de la cub
504 ## - NOTA DE BIBLIOGRAFÍA, ETC.
Nota de bibliografía, etc. Bibliografía
541 ## - NOTA DE LA FUENTE INMEDIANTE DE ADQUISICIÓN
Forma de adquisición Gratuito
650 #4 - ASIENTO SECUNDARIO DE MATERIA--TÉRMINO DE MATERIA
Término de materia o nombre geográfico como elemento inicial archivero
9 (RLIN) 31102
650 #4 - ASIENTO SECUNDARIO DE MATERIA--TÉRMINO DE MATERIA
Término de materia o nombre geográfico como elemento inicial calificación profesional
9 (RLIN) 28319
650 #4 - ASIENTO SECUNDARIO DE MATERIA--TÉRMINO DE MATERIA
Término de materia o nombre geográfico como elemento inicial polivalencia
9 (RLIN) 28321
650 #4 - ASIENTO SECUNDARIO DE MATERIA--TÉRMINO DE MATERIA
Término de materia o nombre geográfico como elemento inicial servicio de información
9 (RLIN) 28925
650 #4 - ASIENTO SECUNDARIO DE MATERIA--TÉRMINO DE MATERIA
Término de materia o nombre geográfico como elemento inicial recuperación de la información
9 (RLIN) 28918
650 #4 - ASIENTO SECUNDARIO DE MATERIA--TÉRMINO DE MATERIA
Término de materia o nombre geográfico como elemento inicial medio audiovisual
9 (RLIN) 27479
650 #4 - ASIENTO SECUNDARIO DE MATERIA--TÉRMINO DE MATERIA
Término de materia o nombre geográfico como elemento inicial multimedia
9 (RLIN) 31110
650 #4 - ASIENTO SECUNDARIO DE MATERIA--TÉRMINO DE MATERIA
Término de materia o nombre geográfico como elemento inicial gestión electrónica de documentos
9 (RLIN) 30570
650 #4 - ASIENTO SECUNDARIO DE MATERIA--TÉRMINO DE MATERIA
Término de materia o nombre geográfico como elemento inicial estudio de casos
9 (RLIN) 28846
650 #4 - ASIENTO SECUNDARIO DE MATERIA--TÉRMINO DE MATERIA
Término de materia o nombre geográfico como elemento inicial conferencia
9 (RLIN) 27013
653 10 - TÉRMINO DE INDEXACIÓN--NO CONTROLADO
Término no controlado Biblioteconomía
650 #4 - ASIENTO SECUNDARIO DE MATERIA--TÉRMINO DE MATERIA
9 (RLIN) 28487
Término de materia o nombre geográfico como elemento inicial bibliotecario
650 #4 - ASIENTO SECUNDARIO DE MATERIA--TÉRMINO DE MATERIA
9 (RLIN) 28482
Término de materia o nombre geográfico como elemento inicial documentalista
650 #4 - ASIENTO SECUNDARIO DE MATERIA--TÉRMINO DE MATERIA
9 (RLIN) 28178
Término de materia o nombre geográfico como elemento inicial empresa
710 1# - ENCABEZAMIENTO SECUNDARIO--NOMBRE CORPORATIVO
Nombre de entidad o nombre de jurisdicción como elemento inicial Sociedad Española de Documentación e Información Científica
Término indicativo de función col.
9 (RLIN) 4991
710 1# - ENCABEZAMIENTO SECUNDARIO--NOMBRE CORPORATIVO
Nombre de entidad o nombre de jurisdicción como elemento inicial España
Unidad subordinada Dirección General del Libro, Archivos y Bibliotecas
Término indicativo de función col.
9 (RLIN) 2819
710 2# - ENCABEZAMIENTO SECUNDARIO--NOMBRE CORPORATIVO
Nombre de entidad o nombre de jurisdicción como elemento inicial Biblioteca Nacional (España)
Término indicativo de función col.
9 (RLIN) 1652
902 ## - CES. TIPO DE DOCUMENTO
Tipodoc (006$c Sirtex) LIB Libro
942 ## - ELEMENTOS KOHA
Fuente de clasificaión o esquema Clasificación propia del CES
Koha [por defecto] tipo de item Monografías
Parte de clasificación 9.0.
Existencias
Número de registro Signatura completa Tipo de item de Koha
078633 SG-9.0.-17 Monografías
© CES, Consejo Económico y Social de España 2021